Loose that man & let him go! (Record no. 14812)

000 -LEADER
fixed length control field 00624nam a2200193 a 4500
001 - CONTROL NUMBER
control field :::00012646$&:&@@
003 - CONTROL NUMBER IDENTIFIER
control field OkBaRHE
005 - DATE AND TIME OF LATEST TRANSACTION
control field 20000607103421.0
008 - FIXED-LENGTH DATA ELEMENTS--GENERAL INFORMATION
fixed length control field s1995 j 000 0 eng u
040 ## - CATALOGING SOURCE
Transcribing agency
100 1# - MAIN ENTRY--PERSONAL NAME
Personal name Jakes, T.D.
245 10 - TITLE STATEMENT
Title Loose that man & let him go!
260 ## - PUBLICATION, DISTRIBUTION, ETC. (IMPRINT)
Place of publication, distribution, etc Tulsa, OK., :
Name of publisher, distributor, etc Albury Press
Date of publication, distribution, etc c1995
300 ## - PHYSICAL DESCRIPTION
Extent 211 p. ;
Dimensions ; 22 cm.
650 ## - SUBJECT ADDED ENTRY--TOPICAL TERM
Topical term or geographic name as entry element Conduct of Life
942 ## - ADDED ENTRY ELEMENTS (KOHA)
Source of classification or shelving scheme
Koha item type Books
Copies
Not for loan Shelving location Source of classification or shelving scheme Lost status Koha item type Copy number Full call number Date last seen Permanent Location Date acquired Price effective from Damaged status Barcode Withdrawn status
 General Stacks  Books1HQ 1090 .J32010-04-14RHEMA Bible Training College2010-04-142010-04-14 12646 
 General Stacks  Books2HQ 1090 .J32010-04-14RHEMA Bible Training College2010-04-142010-04-14 20933